Logo BPK

Biblioteka

Politechniki Koszalińskiej

Wektory i macierze. (Rekord nr 20150)

Szczegóły MARC
000 -ETYKIETA REKORDU
podpole kontrolne o stałej długości 00316nam a2200133 i 4500
001 - NUMER KONTROLNY REKORDU
pole kontrolne bg
040 ## - ŹRÓDŁO KATALOGOWANIA
Instytucja, która utworzyła rekord BPK
041 ## - KOD JĘZYKA
Kod języka tekstu pol
008 - POLE O STAŁEJ DŁUGOŚCI - DANE KONTROLNE
podpole kontrolne o stałej długości s pl f |000 0 pol
100 1# - NAZWA OSOBOWA
Nazwa osobowa WARMUS, Mieczysław.
245 #0 - TYTUŁ/ODPOWIEDZIALNOŚĆ
Tytuł Wektory i macierze.
Oznaczenie części/sekcji dzieła T.1 /
Pozostałe elementy strefy tytułu i oznaczenia odpowiedzialności Mieczysław Warmus.
260 ## - STREFA ADRESU WYDAWNICZEGO
Miejsce wydania Warszawa,
Data publikacji, dystrybucji/powstania dokumentu 1981.
856 ## - LOKALIZACJA I DOSTĘP DO ELEKTRONICZNYCH DOKUMENTÓW ZDALNYCH
Link (URL) http://koha.tu.koszalin.pl/cgi-bin/koha/opac-detail.pl?biblionumber=20150
Tekst linku Katalog online BPK
942 ## - DODATKOWE ELEMENTY (KOHA)
Typ dokumentu Książka
Egzemplarze
Wycofany Status egzemplarza Uszkodzony Dostępność Lokalizacja stała Lokalizacja bieżąca Numer ubytku Sygnatura Kod kreskowy Ostatnio wypożyczono Typ dokumentu Miejsce przechowywania Status: wypożyczony
  Egz. niedostępny   Niedostępny Biblioteka Politechniki Koszalińskiej Biblioteka Politechniki Koszalińskiej 10794 28417 01093698 08.04.2020 Książka    
      Dostępny Biblioteka Politechniki Koszalińskiej Biblioteka Politechniki Koszalińskiej   28418 01475951   Książka Wypożyczalnia BG 09.05.2027
© 2023 Biblioteka Politechniki Koszalińskiej :: KOHA